000 00478nam a22001817a 4500
003 CEME
005 20210628201712.0
008 210204b xxu||||| |||| 00| 0 eng d
020 _a1-4020-2129-1
040 _c.
082 _a530.12 GHA
100 _aGhatak, Ajoy ,Lokanathan.S
_956418
245 _aQuantum mechanics ,theory and applications
260 _aLONDON
_bKLUWER ACADEMIC
_c2004
300 _aXLVIII,858P
650 _aQUANTUM MECHANICS
_91526
942 _cBK
_2ddc
999 _c566843
_d566843